000
00231nam a2200097Ia 4500
008
190216s9999||||xx |||||||||||||| ||und||
100
_a
Balakrishnan
245
0
_a
Prakashikam
260
_b
Kerala Bhasha Institute
942
_c
BK
999
_c
39687
_d
39687